| 000 | 01146nam0a22002531 4500 | ||
|---|---|---|---|
| 001 | rc\2796871 | ||
| 005 | 20230601120336.0 | ||
| 035 | _a(NLR Aleph) 006922916 | ||
| 090 |
_a7466147 _c7466147 |
||
| 100 | _a20110915d1936 |||y0rusy50 ca | ||
| 101 | 0 | _arus | |
| 102 | _aRU | ||
| 105 | _ay z ||||| | ||
| 200 | 1 |
_aНормы требований и программы курсов по техническому минимуму и повышенного типа II ступени для рабочих низовых молочных заводов и сливачей... _fАвтор: М. Г. Демуров _gНаркомпищепром СССР. Главмолоко |
|
| 210 |
_aМосква _aЛенинград _cПищепромиздат _d1936 _eМосква _gтип. Профиздата |
||
| 215 |
_aОбл., 26, [3] с. _d17х13 см. |
||
| 700 | 1 |
_aДемуров _bМ. Г. _f1898- _gМихаил Георгиевич |
|
| 712 | 0 | 1 |
_aСССР _bГлавное упр. молочной пром-сти |
| 801 | 0 |
_aRU _bNLR _gpsbo |
|
| 801 | 1 |
_aRU _bELAR _2rusmarc |
|
| 852 |
_aNLR _j36-9/1339 |
||
| 942 | _cBOOK | ||
| 980 | _aNB | ||